000 01136nam0a22002891 4500
001 rc\3341088
005 20260406083432.0
021 _aRU
_b[69-42752]
035 _a(NLR Aleph) 007517360
090 _a7714368
_c7714368
100 _a20130115d1969 |||y0rusy50 ca
101 0 _arus
102 _aRU
105 _aa j |||||
200 1 _aСодержание и ремонт железнодорожного пути
_e[Учебник для техникумов ж.-д. транспорта]
210 _aМосква
_cТранспорт
_d1969
215 _a344 с.
_cил.
_d22
300 _aПеред загл. авт.: доц. В.И. Тихомиров
320 _aБиблиогр.: с. 342 (13 назв.)
606 _aПуть (ж.-д.)
_xРемонт и содержание
_jУчебники и пособия
_2psbo
700 1 _4070
_7ca
_8rus
_aТихомиров
_bВ. И.
_cд-р техн. наук
_f1925-1998
_gВасилий Иванович
_3RU\NLR\AUTH\770278187
_92650154
801 0 _aRU
_bNLR
_gpsbo
801 1 _aRU
_bELAR
_2rusmarc
852 _aNLR
_j69-5/2782
942 _cBOOK
980 _aNB